Đề cương về văn hóa Việt Nam chặng đường 60 năm

Uloženo v:
Podrobná bibliografie
Médium: Kniha
Jazyk:Undetermined
Vydáno: Hà Nội Chính trị Quốc gia 2004
Témata:
Tagy: Přidat tag
Žádné tagy, Buďte první, kdo otaguje tento záznam!
Thư viện lưu trữ: Trung tâm Học liệu Trường Đại học Cần Thơ
LEADER 00513nam a2200169Ia 4500
001 CTU_60379
008 210402s9999 xx 000 0 und d
020 |b 63500 
082 |a 324.2597075 
082 |b Đ250 
245 0 |a Đề cương về văn hóa Việt Nam chặng đường 60 năm 
260 |a Hà Nội 
260 |b Chính trị Quốc gia 
260 |c 2004 
650 |a Communism and culture 
904 |i Minh, Năm 
980 |a Trung tâm Học liệu Trường Đại học Cần Thơ